Štátna pokladnica vnesie do verejných výdavkov poriadok

Schválením zákona o Štátnej pokladnici ožíva desaťročný projekt usporiadania finančných tokov vo verejných rozpočtoch. Štátna pokladnica bude mať dve skupiny klientov. Kontrola využitia verejných prostriedkov. Špecializovaná rozpočtová organizácia postupne sústredí príjmy, výdavky, pôžičky i garanci...

Descrizione completa

Salvato in:
Dettagli Bibliografici
Autore principale: Medžová, Andrea
Natura: Capitolo di libro
Lingua:slovacco
Soggetti:
Tags: Aggiungi Tag
Nessun Tag, puoi essere il primo ad aggiungerne!!

MARC

LEADER 00000naa a2200000 4500
001 r045041
005 20230921113109.8
041 0 |a slo 
044 |a SK 
245 1 0 |a Štátna pokladnica vnesie do verejných výdavkov poriadok  |c Andrea Medžová 
520 |a Schválením zákona o Štátnej pokladnici ožíva desaťročný projekt usporiadania finančných tokov vo verejných rozpočtoch. Štátna pokladnica bude mať dve skupiny klientov. Kontrola využitia verejných prostriedkov. Špecializovaná rozpočtová organizácia postupne sústredí príjmy, výdavky, pôžičky i garancie verejného sektora na jediný účet v centrálnej banke. Úlohy Štátnej pokladnice. 
610 2 0 |a pokladnica štátna 
610 2 0 |a výdavky verejné 
610 2 0 |a príjmy 
610 2 0 |a pôžičky 
610 2 0 |a výdavky 
610 2 0 |a záruka 
610 2 0 |a sektor verejný 
610 2 0 |a banky centrálne 
610 2 0 |a klienti 
610 2 0 |a Agentúra pre riadenie dlhu a likvidity 
100 1 |a Medžová, Andrea